书目信息 |
| 书名: | Songbird | |
| 作者: | JOSEPHINE COX | |
| 分册号: | ||
| 分册名: | 出版地: | Great Britain |
|
| 出版社: | HARPER | |
| 出版时间: | 2010 | |
| 页数: | 501p | |
| 开本: | 20cm | |
| 丛书名: | ||
| 中图分类号: | ||
| 科图分类号: | ||
| 其他分类号: | I712.45 | |
| 主题词: | ||
| 电子资源: | ||
| 000 | 00495nam0 2200205 450 | |
| 001 | 052012176525 | |
| 005 | 20121203111713.0 | |
| 008 | 20021229d1997 em y0chiy0121 ea | |
| 020 | @a978-0-00-722115-8@c$15.95 | |
| 041 | @aeng | |
| 091 | @aI712.45 | |
| 099 | @dI712.45@eJ836 | |
| 100 | @aJOSEPHINE COX | |
| 245 | 10 | @aSongbird @cJOSEPHINE COX |
| 260 | @aGreat Britain@bHARPER@c2010 | |
| 300 | @a501p@c20cm | |
| 521 | @aSongbird | |
| 905 | @b14375 | |
| 905 | @b0010257 | |
| 905 | @aTSG@dI712.45@eJ836 | |
| Songbird / JOSEPHINE COX.-Great Britain : HARPER , 2010 |
| 501p ; 20cm |
| Songbird |
| ISBN 978-0-00-722115-8$15.95 |
| ● |
| 相关链接 |
|
|
|
正题名:Songbird
索取号:I712.45/J836
 
预约/预借
| 序号 | 登录号 | 条形码 | 馆藏地/架位号 | 状态 | 备注 |
| 1 | 14375 | 300143752 | 文学库116/400A自科库 22排2列3层/ [索取号:I712.45/J836] | 在馆 |